Normal view
MARC view
- Diversity in the workplace.
Entry Topical Term
001 - CONTROL NUMBER
- control field: 7566
003 - CONTROL NUMBER IDENTIFIER
- control field: NUST
005 - DATE AND TIME OF LATEST TRANSACTION
- control field: 20171226101501.0
008 - FIXED-LENGTH DATA ELEMENTS
- fixed length control field: 171226|| aca||aabn | a|a d
040 ## - CATALOGING SOURCE
- Original cataloging agency: NUST
- Transcribing agency: NUST
150 ## - HEADING--TOPICAL TERM
- Topical term or geographic name entry element: Diversity in the workplace.
670 ## - SOURCE DATA FOUND
- Source citation: Work cat.: (NUST)0: Thomas, R. Roosevelt. 7563, Beyond race and gender :, 1991.
